000 00582nam a2200229Ia 4500
003 0100
008 130303s9999 xx 000 0 und d
020 _a081230769X
040 _cARRUPELIB
050 _aBR127.D56 1992
100 _aDinoia, J.A.
245 4 _aThe Diversity of religions
245 _ba Christian perspective
260 _aWashington
260 _bCatholic University of America Press
260 _C1992
300 _axii
300 _b 199p 21cm
650 _bTerrorism- congresses
650 _cTerrorism- Prevention- Congresses
942 _2lcc
_04
999 _c67453
_d67453